[Event "FRA-chT4 0506"]
[Site "Bretagne"]
[Date "2006.02.05"]
[Round "5"]
[White "Le Thomas, Yannick"]
[Black "Pirou, David"]
[Result "1/2-1/2"]
[WhiteElo "2014"]
[BlackElo "1940"]
[PlyCount "60"]
[EventDate "2005.10.16"]
[EventType "team-tourn"]
[EventRounds "7"]
[EventCountry "FRA"]
[SourceTitle "EXT 2007"]
[Source "ChessBase"]
[SourceDate "2006.11.23"]
[SourceVersion "1"]
[SourceVersionDate "2006.11.23"]
[SourceQuality "1"]

1. e4 d6 2. d4 Nf6 3. Nc3 e5 4. Nf3 Nbd7 5. Bc4 Be7 6. Bxf7+ Kxf7 7. Ng5+ Kg8 8. Ne6 Qe8 9. Nxc7 Qg6 10. Nxa8 Qxg2 11. Rf1 exd4 12. Qxd4 Ne5 13. f4 Bh3 14. Qf2 Nc6 15. Qxg2 Bxg2 16. Rf2 Bxe4 17. Nxe4 Nxe4 18. Re2 d5 19. Nc7 Nd4 20. Rg2 Nf6 21. Be3 Nf3+ 22. Kf1 d4 23. Ne6 Nxh2+ 24. Rxh2 dxe3 25. Rg2 Nh5 26. Ke2 Kf7 27. Ng5+ Bxg5 28. Rxg5 Nxf4+ 29. Kxe3 Ne6 30. Rf1+ Ke7 1/2-1/2

[Event "Paris Apsap op 39th"]
[Site "Paris"]
[Date "2003.02.16"]
[Round "4"]
[White "Le Thomas, Yannick"]
[Black "Balazs, Laurent"]
[Result "1-0"]
[WhiteElo "1810"]
[BlackElo "1640"]
[PlyCount "47"]
[EventDate "2003.02.23"]
[EventType "swiss"]
[EventRounds "7"]
[EventCountry "FRA"]
[SourceTitle "EXT 2004"]
[Source "ChessBase"]
[SourceDate "2003.11.25"]
[SourceVersion "1"]
[SourceVersionDate "2003.11.25"]
[SourceQuality "1"]

1. e4 Nf6 2. Nc3 e6 3. e5 Ng8 4. d4 d5 5. Nf3 Bb4 6. Bd2 c5 7. Nb5 Bxd2+ 8. Qxd2 f6 9. Nd6+ Ke7 10. dxc5 Nc6 11. Bd3 b6 12. b4 a5 13. c3 bxc5 14. bxc5 Ba6 15. Bxa6 Rxa6 16. Rb1 Ra7 17. 0-0 h6 18. Rfe1 Rc7 19. Qe3 Qd7 20. Rb6 fxe5 21. Nxe5 Nxe5 22. Qxe5 Nf6 23. Nf5+ Kf7 24. Rxe6 1-0

[Event "Paris Apsap op 39th"]
[Site "Paris"]
[Date "2003.02.15"]
[Round "1"]
[White "Calotescu, Ana Cristina"]
[Black "Le Thomas, Yannick"]
[Result "1-0"]
[WhiteElo "2334"]
[BlackElo "1810"]
[PlyCount "33"]
[EventDate "2003.02.23"]
[EventType "swiss"]
[EventRounds "7"]
[EventCountry "FRA"]
[SourceTitle "EXT 2004"]
[Source "ChessBase"]
[SourceDate "2003.11.25"]
[SourceVersion "1"]
[SourceVersionDate "2003.11.25"]
[SourceQuality "1"]

1. Nf3 Nf6 2. c4 g6 3. g3 Bg7 4. Bg2 0-0 5. d4 d5 6. cxd5 Nxd5 7. 0-0 Nc6 8. Nc3 Nxc3 9. bxc3 e5 10. e3 Re8 11. Ba3 exd4 12. cxd4 Be6 13. Nd2 Bd5 14. e4 Nxd4 15. exd5 Ne2+ 16. Kh1 Bxa1 17. Qxa1 1-0

[Event "Guingamp op 6th"]
[Site "Guingamp"]
[Date "2002.04.20"]
[Round "7"]
[White "Coupey, Olivier"]
[Black "Le Thomas, Yannick"]
[Result "1-0"]
[WhiteElo "1710"]
[BlackElo "1830"]
[PlyCount "41"]
[EventDate "2002.04.16"]
[EventType "swiss"]
[EventRounds "7"]
[EventCountry "FRA"]
[SourceTitle "EXT 2003"]
[Source "ChessBase"]
[SourceDate "2002.11.25"]
[SourceVersion "1"]
[SourceVersionDate "2002.11.25"]
[SourceQuality "1"]

1. d4 Nf6 2. Nf3 g6 3. Bf4 Bg7 4. e3 0-0 5. Be2 d6 6. c4 c5 7. Nc3 cxd4 8. exd4 Nh5 9. Bg5 h6 10. Be3 Nd7 11. Qd2 Kh7 12. g4 Nhf6 13. g5 Ng4 14. gxh6 Bxh6 15. Bxh6 Nxh6 16. h4 e5 17. h5 Kg7 18. hxg6 Rh8 19. gxf7 Nxf7 20. 0-0-0 Rxh1 21. Rxh1 1-0

[Event "Guingamp op 6th"]
[Site "Guingamp"]
[Date "2002.04.16"]
[Round "1"]
[White "Le Thomas, Yannick"]
[Black "Krompholtz, Andre"]
[Result "1-0"]
[WhiteElo "1830"]
[BlackElo "1210"]
[PlyCount "67"]
[EventDate "2002.04.16"]
[EventType "swiss"]
[EventRounds "7"]
[EventCountry "FRA"]
[SourceTitle "EXT 2003"]
[Source "ChessBase"]
[SourceDate "2002.11.25"]
[SourceVersion "1"]
[SourceVersionDate "2002.11.25"]
[SourceQuality "1"]

1. e4 d6 2. d4 Bd7 3. Nf3 g6 4. Nc3 c6 5. Be3 Bg7 6. Qd2 Bc8 7. Bc4 Nf6 8. h3 0-0 9. Bh6 Ne8 10. Bxg7 Kxg7 11. 0-0-0 Nd7 12. h4 Nb6 13. Be2 Bg4 14. Ng5 Bxe2 15. Qxe2 Nf6 16. e5 Nfd5 17. Nxd5 Nxd5 18. Qf3 h5 19. g4 Qd7 20. gxh5 f6 21. e6 Qe8 22. Nf7 Rxf7 23. exf7 Qxf7 24. hxg6 Qe6 25. Rde1 Qd7 26. h5 Rh8 27. h6+ Rxh6 28. Rxh6 Kxh6 29. Rh1+ Kxg6 30. Qh5+ Kg7 31. Rg1+ Kf8 32. Qh7 Qe6 33. Qh8+ Kf7 34. Rg7# 1-0